000 00478nam a2200217 454500
001 075083
003 BD-ChCU
008 Eng
020 _ax
040 _aDLC
_cDLC
_dBD-ChCU
082 0 0 _a181.45/KOY
100 1 _aKoestler, Arthur.
_bx
245 1 0 _aThe yogi and commissar;
_bAnd other essays
250 _ax
260 _aN , Y,
_bCollier,
_c1961
300 _a223p
504 _a
650 0 _aPhilosophy
_bCommunism.
700 1 _ax
942 _2ddc
_cBK
999 _c75083
_d75083